| 000 | 00365nam a2200145Ia 4500 | ||
|---|---|---|---|
| 008 | 230917s9999||||xx |||||||||||||| ||und|| | ||
| 040 |
_e47508 _aMAIN |
||
| 041 | _aEnglish | ||
| 082 | _a823.09 C678C | ||
| 100 | _aColmer, John | ||
| 245 | 0 | _aColeridge to Catch-22 : images of society | |
| 260 |
_aLondon _bMacmillan _c1978 |
||
| 300 | _avii, 240 p. | ||
| 942 | _cBK | ||
| 999 |
_c188624 _d188624 |
||